<?xml version="1.0" encoding="UTF-8"?>
<record
    xmlns:xsi="http://www.w3.org/2001/XMLSchema-instance"
    xsi:schemaLocation="http://www.loc.gov/MARC21/slim http://www.loc.gov/standards/marcxml/schema/MARC21slim.xsd"
    xmlns="http://www.loc.gov/MARC21/slim">

  <leader>00876cam a22002054a 4500</leader>
  <datafield tag="999" ind1=" " ind2=" ">
    <subfield code="c">58088</subfield>
    <subfield code="d">58088</subfield>
  </datafield>
  <controlfield tag="001">12031691</controlfield>
  <controlfield tag="005">20210611122015.0</controlfield>
  <controlfield tag="008">000606s2000    nyua     b    001 0 eng  </controlfield>
  <datafield tag="020" ind1=" " ind2=" ">
    <subfield code="a">9780891283461</subfield>
  </datafield>
  <datafield tag="041" ind1=" " ind2=" ">
    <subfield code="a">eng</subfield>
  </datafield>
  <datafield tag="080" ind1=" " ind2=" ">
    <subfield code="a">376.2 L -88</subfield>
  </datafield>
  <datafield tag="245" ind1="0" ind2="0">
    <subfield code="a">Looking to learn :</subfield>
    <subfield code="b">promoting literacy for students with low vision /</subfield>
    <subfield code="c">Frances Mary D'Andrea and Carol Farrenkopf, editors.</subfield>
  </datafield>
  <datafield tag="264" ind1=" " ind2=" ">
    <subfield code="a">New York :</subfield>
    <subfield code="b">AFB Press,</subfield>
    <subfield code="c">2000.</subfield>
  </datafield>
  <datafield tag="300" ind1=" " ind2=" ">
    <subfield code="a">242 p. :</subfield>
    <subfield code="b">ill. ;</subfield>
    <subfield code="c">25 cm.</subfield>
  </datafield>
  <datafield tag="653" ind1=" " ind2=" ">
    <subfield code="a">&#x10D3;&#x10D0;&#x10D1;&#x10D0;&#x10DA;&#x10D8; &#x10DB;&#x10EE;&#x10D4;&#x10D3;&#x10D5;&#x10D4;&#x10DA;&#x10DD;&#x10D1;&#x10D8;&#x10E1; &#x10DB;&#x10E5;&#x10DD;&#x10DC;&#x10D4; &#x10E1;&#x10E2;&#x10E3;&#x10D3;&#x10D4;&#x10DC;&#x10E2;&#x10D4;&#x10D1;&#x10D8;&#x10E1; &#x10EC;&#x10D8;&#x10D2;&#x10DC;&#x10D8;&#x10D4;&#x10E0;&#x10D4;&#x10D1;&#x10D8;&#x10E1; &#x10D2;&#x10D0;&#x10DC;&#x10D5;&#x10D8;&#x10D7;&#x10D0;&#x10E0;&#x10D4;&#x10D1;&#x10D0;</subfield>
  </datafield>
  <datafield tag="653" ind1=" " ind2=" ">
    <subfield code="a">&#x43F;&#x43E;&#x432;&#x44B;&#x448;&#x435;&#x43D;&#x438;&#x435; &#x433;&#x440;&#x430;&#x43C;&#x43E;&#x442;&#x43D;&#x43E;&#x441;&#x442;&#x438; &#x443;&#x447;&#x430;&#x449;&#x438;&#x445;&#x441;&#x44F; &#x441; &#x43F;&#x43B;&#x43E;&#x445;&#x438;&#x43C; &#x437;&#x440;&#x435;&#x43D;&#x438;&#x435;&#x43C;</subfield>
  </datafield>
  <datafield tag="700" ind1="1" ind2=" ">
    <subfield code="a">D'Andrea, Frances Mary,</subfield>
    <subfield code="d">1960-</subfield>
    <subfield code="9">12020</subfield>
  </datafield>
  <datafield tag="700" ind1="1" ind2=" ">
    <subfield code="a">Farrenkopf, Carol.</subfield>
    <subfield code="9">12021</subfield>
  </datafield>
  <datafield tag="942" ind1=" " ind2=" ">
    <subfield code="2">udc</subfield>
    <subfield code="c">BK</subfield>
  </datafield>
  <datafield tag="952" ind1=" " ind2=" ">
    <subfield code="0">0</subfield>
    <subfield code="1">0</subfield>
    <subfield code="2">udc</subfield>
    <subfield code="4">0</subfield>
    <subfield code="6">3762_L_88</subfield>
    <subfield code="7">0</subfield>
    <subfield code="9">90365</subfield>
    <subfield code="a">CPL</subfield>
    <subfield code="b">CPL</subfield>
    <subfield code="c">GEN</subfield>
    <subfield code="d">2021-06-11</subfield>
    <subfield code="g">252.00</subfield>
    <subfield code="o">376.2 L -88</subfield>
    <subfield code="p">61375</subfield>
    <subfield code="r">2021-06-11</subfield>
    <subfield code="t">61375</subfield>
    <subfield code="w">2021-06-11</subfield>
    <subfield code="y">BK</subfield>
    <subfield code="z">252 &#x10DA;.</subfield>
  </datafield>
</record>
